| 000 | 02239cam a22005534i 4500 | ||
|---|---|---|---|
| 003 | PE-LiUPU | ||
| 005 | 20250731165510.0 | ||
| 008 | 180131s2017 sp a r0 001 0 spa d | ||
| 020 | _a9788441538245 | ||
| 035 | _a(Sirsi) a241130 | ||
| 040 |
_aPE-LiUPU _bspa _cPE-LiUPU _erda |
||
| 049 | _aPRUA | ||
| 082 | 0 | 4 |
_a005.8 _bc12 _221 |
| 100 | 1 |
_aCaballero Velasco, María Ángeles, _eautor. |
|
| 245 | 1 | 0 |
_aHacking mobile : _bla guía imprescindible / _cMaría Ángeles Caballero, Diego Cilleros Serrano, Miguel Olías de Lima Pancorbo. |
| 264 | 1 |
_aMadrid : _bAnaya Multimedia, _c2017. |
|
| 300 |
_a279 páginas : _bilustraciones ; _c23 centímetros. |
||
| 336 |
_atext _2rdacontent |
||
| 337 |
_aunmediated _2rdamedia |
||
| 338 |
_avolume _2rdacarrier |
||
| 504 | _aÍndice : páginas 275-279. | ||
| 505 | 0 | _aIntroducción -- Vectores de ataque -- Seguridad e introducción al hacking en dispositivos ¡os -- Hacking en dispositivos Android -- Otros sistemas: windows phone, internet of no things y smartThing -- Dispositivos móviles como herramienta de hacking -- Introducción al análisis forense en dispositivos móviles -- Segurizando mi dispositivo móvil: personal y corporativo -- Privacidad, redes sociales y ciberacoso en el dispositivo móvil. | |
| 526 | _aSEG44 | ||
| 526 | _aSEG26 | ||
| 526 | _aP151 | ||
| 526 | _aP150 | ||
| 526 | _aP149 | ||
| 526 | _aP146 | ||
| 526 | _aP145 | ||
| 526 | _aP126 | ||
| 526 | _aP125 | ||
| 526 | _aP92 | ||
| 526 | _aP75 | ||
| 526 | _aP74 | ||
| 526 | _aP27 | ||
| 526 | _aP15 | ||
| 541 | _g0001-0042354; | ||
| 650 | 0 | 4 | _aSeguridad en computadores. |
| 650 | 0 | 4 | _aDelitos por computador. |
| 650 | 0 | 4 | _aComputer security. |
| 650 | 0 | 4 | _aComputer crimes. |
| 700 | 1 |
_aCilleros Serrano, Diego, _eautor. |
|
| 700 | 1 |
_aLima Pancorbo, Miguel Olías de., _eautor. |
|
| 910 |
_adbm _bksl _cksl _d20180131 |
||
| 942 |
_2ddc _cBOOK |
||
| 994 |
_aC0 _bPEPRU |
||
| 596 | _a1 | ||
| 999 |
_a005.8 C12 _wLC _c26769 _i78114 _d26769 _e2019-4-10 _f2021-11-9 _g4 _lCCODEBUL1 _mBUL _n4 _p40.17 _r0 _sY _tBOOK _u2018-1-31 _xINGENIERIA _PP27 _0COMPRA _o.STAFF. Colección Ingeniería y Arquitectura |
||
| 980 |
_81 _gALBERTO SANCHEZ Responsable de Automatización |
||